Big data analytics using multiple criteria decision-making models

Saved in:
Bibliographic Details
Main Authors: Ramanathan, Ramakrishnan (Author), Mathirajan, Muthu (Author), Ravindran, A. Ravi (Author)
Format: Book
Language:English
Published: Boca Ratón CRC Press 2017
Edition:1a. ed
Series:The Operations Research Series
Subjects:
Tags: Add Tag
No Tags, Be the first to tag this record!

MARC

LEADER 00000cam a2200000 a 4500
001 UCC7553
003 CL-VaPUC
008 190412e20170000us |||||||||||||||||eng|d
020 |a 9781138747654 
082 0 4 |a 005.4  |b RAM  |2 21 
100 0 |a Ramanathan, Ramakrishnan  |e author  |9 602192 
700 0 |a Mathirajan, Muthu  |e author  |9 602193 
700 0 |a Ravindran, A. Ravi  |e author  |9 602194 
245 1 0 |a Big data analytics using multiple criteria decision-making models 
250 |a 1a. ed 
300 |a 370 p 
942 |c BK 
945 |d 20190412 13:45:00  |a dcastane 
260 |a Boca Ratón  |b CRC Press  |c 2017 
650 0 |a Análisis de datos  |9 269871 
650 0 |a Almacenamiento de datos   |9 488735 
650 7 |a MINERIA DE DATOS  |2 CL-VaPUC  |9 602195 
650 0 |a Data mining (Minería de datos)   |9 493858 
583 |a last modification  |c 20190412 13:45:00  |k Rodrigo Vera 
490 0 |a The Operations Research Series 
999 |c 374165  |d 374163 
952 |0 0  |1 0  |3 erb  |4 0  |6 005_400000000000000_RAM_2017  |7 0  |8 A  |9 492621  |a BIBING  |b BIBING  |i 5542898  |o 005.4 RAM 2017  |p 5542898  |r 2025-01-20  |w 2019-11-24  |y BK  |z Catalogado en:20190412  |k CCI 
952 |0 0  |1 0  |3 erb  |4 0  |6 005_400000000000000_RAM_2017  |7 0  |8 A  |9 492622  |a BIBING  |b BIBING  |i 554288K  |o 005.4 RAM 2017  |p 554288K  |r 2025-01-20  |w 2019-11-24  |y BK  |z Catalogado en:20190412  |k CCI 
952 |0 0  |1 0  |3 erb  |4 0  |6 005_400000000000000_RAM_2017  |7 0  |8 A  |9 492623  |a BIBING  |b BIBING  |i 5542871  |o 005.4 RAM 2017  |p 5542871  |r 2025-01-20  |w 2019-11-24  |y BK  |z Catalogado en:20190412  |k CCI 
952 |0 0  |1 0  |3 erb  |4 0  |6 005_400000000000000_RAM_2017  |7 0  |8 A  |9 492624  |a BIBING  |b BIBING  |i 5542863  |o 005.4 RAM 2017  |p 5542863  |r 2025-01-20  |w 2019-11-24  |y BK  |z Catalogado en:20190412  |k CCI 
952 |0 0  |1 0  |3 erb  |4 0  |6 005_400000000000000_RAM_2017  |7 0  |8 A  |9 492625  |a BIBING  |b BIBING  |i 5542855  |o 005.4 RAM 2017  |p 5542855  |r 2025-01-20  |w 2019-11-24  |y BK  |z Catalogado en:20190412  |k CCI